| 000 | 00672nam a22002057a 4500 | ||
|---|---|---|---|
| 999 |
_c18125 _d18125 |
||
| 003 | AR-CdUCM | ||
| 008 | 190511b ||||| |||| 00| 0 spa d | ||
| 040 |
_aMUNICIPALIDAD PROVINCIAL DEL CUSCO _cBIBLIOTECA MUNICIPAL DEL CUSCO |
||
| 082 |
_a868.6 / _bA34 |
||
| 100 |
_aAlberti, Rafael _98832 |
||
| 245 | _aCal y canto sobre los ángeles sermones y moradas / | ||
| 260 |
_aBuenos Aires : _bLosada, _c1952. |
||
| 300 |
_a150 páginas ; _c20 cm. |
||
| 440 |
_aBiblioteca contemporánea _927761 |
||
| 505 | _aContenido : Arquero y la sierra -- Guía estival del paraíso... | ||
| 650 |
_aLiteratura _983 |
||
| 650 |
_aCantos _91085 |
||
| 942 |
_2ddc _cLIBROS |
||
| 945 | _arcc | ||